alg: 50739843
001A    $03025:02-05-23 
001B    $01999:02-05-23 $t23:17:11.000 
001D    $03025:02-05-23 
001U    $0utf8 
001X    $00 
002@    $0Aou 
002C    $aText $btxt $2rdacontent 
002D    $aohne Hilfsmittel zu benutzen $bn $2rdamedia 
002E    $aBand $bnc $2rdacarrier 
003@    $0507398432 
007A    $0507398432 $aHEB 
010@    $ager 
010E    $erda 
011@    $a2014 
021A    $aDas @Habsburgische Reich - Grundelemente und Bewertungen $hArnold Suppan 
028A    $BVerfasser $4aut $7110686578 $8Suppan, Arnold$Z1945- [Tp1] $914527814X 
031A    $h1057-1082 $j2014 
039B    $aEnthalten in $8--Afu--. Imperien und Reiche in der Weltgeschichte ; 2. Neuzeitliche Imperien, zeitgeschichtliche Imperien, Imperien in Theorie, Geist, Wissenschaft, Recht und Architektur, Wahrnehmung und Vermittlung. - Wiesbaden : Harrassowitz, 2014. - IX, S. 818 - 1762. - Ill., Kt. $x201400000000000943 $9336311591 
044K    $RÖsterreich $RÖsterreich-Ungarn $RErzherzogtum Österreich $#Österreich $#Österreich $#Österreich Zweite Republik $#Österreich Erste Republik $#Deutschösterreich $#Land Österreich $#Die @im Reichsrat Vertretenen Königreiche und Länder Österreich $#Zisleithanien $#Cisleithanien $#Habsburgermonarchie $#Habsburgerreich $#Ostmark Österreich $#Austrya $#Austrja $#Republik Österreich $#Bundesstaat Österreich $#Staat Deutschösterreich $#Kaisertum Österreich $#Kaiserthum Österreich $#Österreichische Monarchie $#Austria $#Autriche $#Ostmark $74043271-3 $8Österreich [Tgz] $9085120758 
045F    $a900.94360903 $eDDC23BSB 
045F/01 $a900 
045F/03 $f0903 
045F/03 $g436 
045F/03 $g437 

lok: 50739843 78

exp: 50739843 78 1 #EPN
201B/01 $002-05-23 $t16:02:38.000 
201C/01 $002-05-23 
201U/01 $0utf8 
203@/01 $01233216619 
208@/01 $a02-05-23 $be 
209A/01 $a/ $f000 $x00 
209A/01 $ab*p $x01 
220C/01 $apgar 
244Z/01 $#Ostmitteleuropa $#Ostmitteleuropa $#Mitteleuropa, Ost $#Central Europe Ostmitteleuropa $#Mittelosteuropa $74075753-5 $8--Tg1--Ostmitteleuropa $x05 $9085214485 
247C/01 $82080>Marburg/Lahn, Herder-Institut, Forschungsbibliothek, Bibliographieportal $9336309341
LEADER 00000caa a2200000 c 4500
001 507398432
003 DE-603
005 20230502231711.0
007 tu
008 230502s2014 xx |||| | u00||u|ger c
035 |a (DE-599)HEB507398432 
040 |a DE-603  |b ger  |c DE-603  |d DE-603  |e rda 
041 |a ger 
082 0 4 |8 1\u  |a 900.94360903  |q DE-101  |2 23/BSB 
085 |8 1\u  |b 900 
085 |8 1\u  |z 1  |s 0903 
085 |8 1\u  |z 2  |s 436 
085 |8 1\u  |z 2  |s 437 
100 1 |a Suppan, Arnold  |d 1945-  |e Verfasser  |4 aut  |0 (DE-603)14527814X  |0 (DE-588)110686578  |2 gnd 
245 0 0 |a ˜Dasœ Habsburgische Reich - Grundelemente und Bewertungen  |c Arnold Suppan 
264 0 |c 2014 
336 |a Text  |b txt  |2 rdacontent 
337 |a ohne Hilfsmittel zu benutzen  |b n  |2 rdamedia 
338 |a Band  |b nc  |2 rdacarrier 
651 7 |a Österreich  |0 (DE-588)4043271-3  |0 (DE-603)085120758  |2 gnd 
773 0 8 |i Enthalten in  |t Imperien und Reiche in der Weltgeschichte ; 2. Neuzeitliche Imperien, zeitgeschichtliche Imperien, Imperien in Theorie, Geist, Wissenschaft, Recht und Architektur, Wahrnehmung und Vermittlung  |d Wiesbaden : Harrassowitz, 2014  |h IX, S. 818 - 1762, Ill., Kt.  |g (2014), Seite 1057-1082  |w (DE-603)336311591 
924 0 |9 2080  |a (DE-603)1233216619  |b DE-2080  |c HES  |d d  |g /